General Knowledge Quiz #70 - Statistics

General Stats
  • This quiz has been taken 126,750 times
    86,497 since last reset
  • The average score is 13 of 20
Answer Stats
Question Answer % Correct
What mythological figure inspires romantic love with his bow and arrow? Cupid
91%
In what part of the Atlantic Ocean are ships and aircraft said to have mysteriously disappeared? {Bermuda} Triangle
90%
What company's logo is described as a "swoosh"? Nike
89%
Who was the first female prime minister of the United Kingdom? Margaret Thatcher
80%
What city is known as the "Birthplace of Democracy"? Athens
79%
What is the slowest of the four Olympic swimming strokes? Breaststroke
78%
Who is the villain in "Avengers: Infinity War"? Thanos
76%
What is the name of the fictional doctor who talks to animals? Dr. Dolittle
73%
What angle lies between acute and obtuse angles? Right angle
72%
What is either a racket sport or a vegetable? Squash
72%
Which Dr. Seuss character hears a Who? Horton
63%
Which saint is London's largest cathedral named for? St. Paul
59%
What actor based his character in "Magic Mike" off of his own experience as a stripper? Channing Tatum
56%
Who is often considered to be the archetype of a Renaissance Man? Leonardo Da Vinci
56%
What country is the island of Zanzibar a part of? Tanzania
51%
What Christmas character said "God bless us, every one!" Tiny Tim
42%
What animal's milk is mozzarella cheese traditionally made from? Water buffalo
42%
What is another name for an abattoir? Slaughterhouse
36%
What singer died in 2012 whose last name is also the name of a major American city? Whitney Houston
35%
What African dictator was portrayed by Forest Whitaker in "The Last King of Scotland"? Idi Amin
30%
No matching quizzes found
Score Distribution
Percent of People with Each Score
Percentile by Number Answered
Your Score History
You have not taken this quiz since the last reset